MARC

LEADER 00000nam0a2200000 4500
001 29120
005 20231101205905.0
010 |a 5020147346 
035 |a (RuTPU)RU\TPU\book\29379 
035 |a BOOK00029454 
090 |a 29120 
100 |a 20011209d1992 k y0rusy50 ca 
101 1 |a rus  |c jpn 
102 |a RU 
105 |a а z 000zy 
200 1 |a Оптические компьютеры  |e пер. с яп.  |f С. Исихара 
210 |a Москва  |c Наука  |d 1992 
215 |a 95 к  |c ил. 
225 1 |a Компьютеры в физике  |v Вып. 2 
517 1 |a Новый век науки 
606 |a Компьютеры оптические  |2 stltpush  |3 (RuTPU)RU\TPU\subj\15185  |9 41450 
610 1 |a вычислительная техника 
610 1 |a вычислительные машины электронные оптические 
610 1 |a информация 
610 1 |a обработка 
610 1 |a оптические методы 
610 1 |a оптические компьютеры 
675 |a 681.3.01:535  |v 3 
700 1 |a Исихара  |b С.  |g Сатоси 
801 0 |a RU  |b 63413507  |c 20011209  |g PSBO 
801 2 |a RU  |b 63413507  |c 20200602  |g PSBO 
942 |c BK